000 00682nmc a2200253 a 4500
003 AR-BaBNM
005 20251128211726.0
008 036020s2005 ||||||||||||||000 | spa||
020 _a950-581-155-1
040 _cAR-BaBNM
100 1 _aPérez Galdós, Benito
245 1 0 _aEl abuelo
_bcon un análisis de su transposición al cine
250 _a1ª ed.
260 _aBuenos Aires
_bEdiciones Colihue
_c2005
300 0 _a160 p.
490 0 _aLeer y crear
_vv. 155
650 4 _aTEATRO ESPANOL
650 4 _aSIGLO DIECINUEVE
655 _aLITERATURA
700 1 _aGover de Nasatsky, Miryam E.
_enotas
800 1 _aGetino, Alejandra
942 _cBK
998 _cmartin
999 _c20867
_d20867